000 00599nam a22002297a 4500
001 94728
003 UA-OsUOA
005 20200925161916.0
007 ta
008 20130218b un ||||| |||| 00| 0 ukr d
040 _aUA-OsUOA
_brus
_cUA-OsUOA
_dUA-OsUOA
041 _arus
080 _a821.161.1
090 _a821.161.1
_bД70
100 _aДостоевский Ф.
245 _aПовести. Рассказы
260 _aМ.
_bПравда
_c1985
300 _a334 с.
650 7 _a82 Література. Літературознавство
_2UDC
942 _cBK
_2udc
955 _a3
999 _c380970
_d380970